Don Miguel 1er. (Record no. 183753)

MARC details
000 -LEADER
campo de control de longitud fija 00739nam a2200205 i 4500
001 - NÚMERO DE CONTROL
campo de control 183753
003 - IDENTIFICADOR DE NÚMERO DE CONTROL
campo de control ES-MaACL
005 - FECHA Y HORA DE LA ÚLTIMA TRANSACCIÓN
campo de control 20250628063400.0
008 - DATOS DE LONGITUD FIJA--INFORMACIÓN GENERAL
campo de control de longitud fija 141009s1828 fr |||| | fre d
245 00 - MENCIÓN DEL TÍTULO
Título Don Miguel 1er.
260 ## - PUBLICACIÓN, DISTRIBUCIÓN, ETC.
Lugar de publicación, distribución, etc. Paris :
Nombre del editor, distribuidor, etc. Delaforest, lib.,
Fecha de publicación, distribución, etc. 1828
Fabricante (Imp. Anthelme Boucher)
300 ## - DESCRIPCIÓN FÍSICA
Extensión 185 páginas ;
Dimensiones 8º.
500 ## - NOTA GENERAL
Nota general Donativo Ángel Calderón de la Barca
600 14 - PUNTO DE ACCESO ADICIONAL DE MATERIA--NOMBRE DE PERSONA
Nombre de persona Miguel
Numeración I
Títulos y otros términos asociados al nombre Rey de Portugal.
9 (RLIN) 149627
651 #4 - PUNTO DE ACCESO ADICIONAL DE MATERIA--NOMBRE GEOGRÁFICO
Nombre geográfico Portugal-
Subdivisión general Historia-
Subdivisión cronológica 1828-1834, Miguel I.
9 (RLIN) 149628
852 ## - LOCALIZACIÓN
Ubicación ES-MaACL
Ubicación en estantería Depósito folletos
Donativo/Legado Donat. Ángel Calderón de la Barca (Actas del Ateneo, junta 9 de abril de 1844)
Número de control de estantería T-257-F-2
942 ## - ELEMENTOS DE ENTRADA SECUNDARIOS (KOHA)
Fuente del sistema de clasificación o colocación Clasificación decimal universal
Tipo de ítem Koha Folleto
Suprimir en OPAC No
Holdings
Estatus retirado Estado de pérdida Estado de daño No para préstamo Colección Biblioteca de origen Biblioteca actual Ubicación en estantería Fecha de adquisición Fuente de adquisición Total de préstamos Signatura topográfica completa Código de barras Visto por última vez Precio de reemplazo Tipo de ítem Koha
        Colección de folletos Biblioteca del Ateneo de Madrid Biblioteca del Ateneo de Madrid Depósito folletos 09/10/2014     T-257-F-2 1193191 23/02/2023 23/02/2023 Folleto